Assessing competitors' business philosophies.

Prezentovanie niektorých druhov filozofie riadenia v záujme analýzy konkurencie a strategického plánovania. Použitie matice filozofie na príklade firiem Ford a General Electric. Využívanie flexibility prechodu od jednej filozofie k druhej, paradigmy riadenia (kombinácia výrobca-investor a organizáto...

ver descrição completa

Na minha lista:
Detalhes bibliográficos
Autor principal: Press, G.
Formato: Capítulo de Livro
Idioma:inglês
Assuntos:
Tags: Adicionar Tag
Sem tags, seja o primeiro a adicionar uma tag!

MARC

LEADER 00000naa a2200000 4500
001 r002549
005 20220819193705.6
041 0 |a eng 
044 |a GB 
245 1 0 |a Assessing competitors' business philosophies.  |c G. Press 
520 |a Prezentovanie niektorých druhov filozofie riadenia v záujme analýzy konkurencie a strategického plánovania. Použitie matice filozofie na príklade firiem Ford a General Electric. Využívanie flexibility prechodu od jednej filozofie k druhej, paradigmy riadenia (kombinácia výrobca-investor a organizátor-predavač). 
610 2 0 |a riadenie podnikové 
610 2 0 |a manažment 
610 2 0 |a plánovanie strategické 
610 2 0 |a konkurencia 
610 2 0 |a filozofia 
100 1 |a Press, G.